| 000 | 01097nam a2200349 a 4500 | ||
|---|---|---|---|
| 001 | vtls000392359 | ||
| 003 | NLI | ||
| 005 | 20210602195952.0 | ||
| 008 | 110114s2007 ii g 000 0 mal d | ||
| 020 |
_a8126414367 _cRs.50.00 |
||
| 039 | 9 |
_y201101140114 _zVLOAD |
|
| 040 |
_aNLI : _beng _cNLMARC21 |
||
| 044 | _aii | ||
| 082 | 0 | 4 |
_a335.4 _222nd |
| 100 | 1 |
_6880-01 _aകേശവ൯ നായ൪,പി. _997648 |
|
| 245 | 1 |
_6880-02 _aമാ൪ക്സിസം ശാസ്ത്രമോ?/ _cപി.കേശവ൯ നായ൪ |
|
| 260 |
_aകോട്ടയം : _bഡി.സി.ബുക്സ്, _c2007 |
||
| 300 |
_a95p; _c21cm |
||
| 500 | _aAbout Marxism | ||
| 650 | 0 |
_aMarxism _9422430 |
|
| 700 | 1 | _6880-03 | |
| 880 | 1 | 1 |
_6100-01/(B _aKeshavan Nayar,P |
| 880 | 1 | 1 |
_6245-02/(B _aMarxism shastramo? _cP.Keshavan Nayar |
| 880 | 1 | 1 | _6700-03/(B |
| 887 | _aL.D. | ||
| 901 |
_aMal 38803 _b21.08.07 |
||
| 902 | _aMal 335.4 K 9754 m | ||
| 904 | _aL.D. | ||
| 942 |
_2ddc _cBKS |
||
| 949 |
_AVIRTUAITEM _D10010 _X100 _6DBA000038803MAL _aMal 335.4 K 9794 m |
||
| 999 |
_aVIRTUA40 _c352829 _d352829 |
||